000 00285nam a2200121 a 4500
008 100921s1988|||| d
245 1 0 _aČlovek so psím čuchom
100 1 _aEzerová, Regina
020 _c30
260 _bPravda
_aBratislava
_c1988
044 _axo
_cSK
041 _aslo
999 _c10548
_d10548